Ingeniería Ambiental / Glynn Henry, J., Gary W. Heinke (Registro nro. 27221)
[ vista simple ]
| 000 -LÍDER | |
|---|---|
| fixed length control field | 00492nam a2200169 4500 |
| 020 ## - NÚMERO INTERNACIONAL NORMALIZADO PARA LIBROS | |
| ISBN | 970-17-0266-2 |
| 050 ## - SIGNATURA TOPOGRAFICA DE LA BIBLIOTECA DEL CONGRESO (LC) | |
| Número de Clasificación | GE105 H4618 1999 |
| 082 ## - NUMERO DE CLASIFICACION DECIMAL DEWEY | |
| Número de Clasificación | 620.85 H521i |
| 100 ## - ASIENTO PRINCIPAL--NOMBRE PERSONAL | |
| Nombre personal | Henry, J. Glynn |
| 245 ## - TÍTULO | |
| Título | Ingeniería Ambiental / Glynn Henry, J., Gary W. Heinke |
| 250 ## - MENCIÓN DE EDICIÓN | |
| Mención de edición | 1 / 2 Ingles |
| 260 ## - PUBLICACIÓN, DISTRIBUCIÓN, ETC. (PIE DE IMPRENTA) | |
| Lugar de publicación, distribución, etc. | México ; Pearson |
| 300 ## - DESCRIPCIÓN FÍSICA | |
| Extensión | xxii, 778p. / 26 cm. |
| 500 ## - NOTA GENERAL | |
| Nota general | Incluye ap‚ndice |
| 650 ## - ASIENTO SECUNDARIO DE MATERIA - TERMINO TEMÁTICO | |
| Término temático o nombre geográfico como elemento de entrada | 1. HIGIENE AMBIENTAL / 2. INGENIERÍA AMBIENTAL |
| 700 ## - ASIENTO SECUNDARIO - NOMBRE PERSONAL | |
| Nombre personal | I. Heinke, Gary W. Coaut. |
| No. biblioteca | No. biblioteca | Número de clasificación | Código de barras/Número de adquisición | Número de copia | Tipo de material |
|---|---|---|---|---|---|
| ÁREA DE QUÍMICA | ÁREA DE QUÍMICA | 620.85 H521i | 51764 | 1 | Libros |
| ÁREA DE QUÍMICA | ÁREA DE QUÍMICA | 620.85 H521i | 51765 | 2 | Libros |
